| 000 | 00980nam a2200253Ia 4500 | ||
|---|---|---|---|
| 003 | OSt | ||
| 005 | 20220923220315.0 | ||
| 006 | a|||||r|||| 00| 0 | ||
| 007 | ta | ||
| 008 | 220922b |||||||| |||| 00| 0 hin d | ||
| 024 | _a185,862 | ||
| 037 | _cTextual | ||
| 040 |
_aARTS _cARTS _bhin |
||
| 041 |
_2hin _ahin |
||
| 082 | _aY16:4:7.73, 152J7;K3 | ||
| 100 |
_aकेपा, कार्नेल; पाइन्स, मासा _9164094 |
||
| 245 | 0 | _aअविकसित बच्चो की सहायता, अनु के आर सिंह | |
| 246 | _aAvikasit bachcho kī sahāyatā, anu0 ke0 āra0 sianha | ||
| 260 |
_aप्रयाग _b गर्ग ब्रदर्स _c1963 |
||
| 300 |
_a138पृ. _ccm. |
||
| 650 | _aभारतीय-लोक साहित्य | ||
| 942 |
_hY16:4:7.73, 152J7;K3 _cTEXL _2CC |
||
| 999 |
_c339107 _d339107 |
||